000 00878cam a22002773a 4500
001 8748
003 PGUSA
005 20140828083204.0
008 050801s2005||||xxu|||||s|||||000 1 eng d
040 _aPGUSA
_beng
042 _adc
050 4 _aPS
100 1 _aBurroughs, Edgar Rice,
_d1875-1950
245 1 2 _aA Princess of Mars
_h[electronic resource] /
_cEdgar Rice Burroughs
260 _bProject Gutenberg,
_c2005
506 _aCopyrighted. Read the copyright notice inside this book for details.
516 _aElectronic text
653 _aCarter, John (Fictitious character) -- Fiction
653 _aMars (Planet) -- Fiction
653 _aPrincesses -- Fiction
653 _aDejah Thoris (Fictitious character) -- Fiction
653 _aScience fiction
830 0 _aProject Gutenberg
_v8748
856 4 0 _uhttp://www.gutenberg.org/ebooks/8748
942 _cAB
999 _c238048
_d238048